000 00384nam a22001577a 4500
003 OSt
005 20220228094639.0
008 220228b |||||||| |||| 00| 0 eng d
020 _a1853393924
040 _cHU
082 _a631.5`2
245 _aFARMERS RESEARCH IN PRACTICE
260 _aUK
_bQINTERMEDATE TECHNOLOGY
_c1997
300 _aXI 285 P
_bPC
_c25 CM
942 _2ddc
_cBOOKS
_n0
999 _c31834
_d31834